| 000 | 00000nam 2200000zi 4500 |
| 001 | 9.924796 |
| 003 | CaOODSP |
| 005 | 20231208082931 |
| 006 | m o d f |
| 007 | cr cn||||||||| |
| 008 | 230705t20232023onc ob f000 0 eng d |
| 020 | |a9780660493756 |
| 040 | |aCaOODSP|beng|erda|cCaOODSP |
| 043 | |an-cn--- |
| 086 | 1 |aA118-10/36-2022E-PDF |
| 245 | 00|aCrop profile for pear in Canada, 2022 / |cprepared by: Pesticide Risk Reduction Program, Pest Management Centre, Agriculture and Agri-Food Canada. |
| 250 | |aFourth edition. |
| 264 | 1|a[Ottawa] : |bAgriculture and Agri-Food Canada = Agriculture et agroalimentaire Canada, |c2023. |
| 264 | 4|c©2023 |
| 300 | |a1 online resource (55 pages) |
| 336 | |atext|btxt|2rdacontent |
| 337 | |acomputer|bc|2rdamedia |
| 338 | |aonline resource|bcr|2rdacarrier |
| 500 | |aCover title. |
| 500 | |aIssued also in French under title: Profil de la culture de la poire au Canada, 2022. |
| 504 | |aIncludes bibliographical references (pages 54-55). |
| 520 | |a"Pears produced in Canada are mainly consumed fresh or processed into other fruit products including juice, preserves, canned or frozen pears and also baby food"--Industry overview, page 1. |
| 650 | 0|aPears|xDiseases and pests|xControl|zCanada. |
| 650 | 0|aPear industry|zCanada. |
| 710 | 2 |aPest Management Centre (Canada), |eissuing body. |
| 775 | 08|tProfil de la culture de la poire au Canada, 2022 / |w(CaOODSP)9.924798 |
| 795 | |tCrop profile for pear in Canada, 2019 / |w(CaOODSP)9.893519 |
| 856 | 40|qPDF|s623 KB|uhttps://publications.gc.ca/collections/collection_2023/aac-aafc/A118-10-36-2022-eng.pdf |
| 986 | |a13170E |